000 00316nam a22001337a 4500
008 180130b xxu||||| |||| 00| 0 eng d
020 _a09113367273
041 _aeng
080 _a34
100 _a13
101 _ajur
245 _athe international inductive study new testament
_cbilly.g
942 _2udc
_cBK
999 _c41298
_d41298